• 首页
  • 本馆介绍
  • 公告通知
  • 最新文献
  • 馆藏检索
  • 电子资源
  • 读者导购
  • 参考咨询
  • 我的图书馆
  • 登录
  • 详细信息显示
  • 放入我的书架
  • 预约/预借图书
  • 作者相关作品
  • 分类相关作品
  • 丛书相关作品
  • 出版社相关作品

书目信息

  • 表格格式
  • 工作单格式
  • 卡片格式
题名:
为什么我们会上瘾
    
 
作者: 库赫 著 ;王斐 译
分册:  
出版信息: 北京   中国人民大学出版社  2017
页数: 179页
开本: 23cm
丛书名:
单 册:
中图分类: R969.3
科图分类:
主题词: 药瘾--研究
电子资源:
ISBN: 978-7-300-24358-0
000 01059nam0 2200253 450
001 141
005 20180519111410.83
010    @a978-7-300-24358-0@dCNY55.00
100    @a20171018d2017 em y0chiy50 ea
101 1  @achi@ceng
102    @aCN@b110000
105    @aa z 000yy
200 1  @a为什么我们会上瘾@9wei shen me wo men hui shang yin@e操纵人类大脑成瘾的元凶@dThe addicted brain@ewhy we abuse drugs, alcohol, and nicotine@f(美)迈克尔·库赫(Michael Kuhar)著@g王斐译@zeng
210    @a北京@c中国人民大学出版社@d2017
215    @a179页@c图@d23cm
300    @a极简应用心理学系列
330    @a本书内容包括:关于成瘾,我们需要了解什么;固有模式:动物和人类对药物的渴望;药物究竟对大脑有什么作用;黑暗面的发展;药物为什么如此强大;大脑发生长期改变;我会变成一个成瘾者吗等。
510 1  @aAddicted brain@ewhy we abuse drugs, alcohol, and nicotine@zeng
606 0  @a药瘾@x研究
690    @aR969.3@v5
701  0 @c(美)@a库赫@9ku he@c(Kuhar, Michael)@4著
702  0 @a王斐@9wang fei@4译
801  0 @aCN@b91MARC@c20171018
905    @aMuseLib@dR969.3@e112
    
    为什么我们会上瘾:操纵人类大脑成瘾的元凶=The addicted brain:why we abuse drugs, alcohol, and nicotine/(美)迈克尔·库赫(Michael Kuhar)著/王斐译.-北京:中国人民大学出版社,2017
    179页:图;23cm
    极简应用心理学系列
    
    ISBN 978-7-300-24358-0:CNY55.00
    本书内容包括:关于成瘾,我们需要了解什么;固有模式:动物和人类对药物的渴望;药物究竟对大脑有什么作用;黑暗面的发展;药物为什么如此强大;大脑发生长期改变;我会变成一个成瘾者吗等。
●
相关链接 在E读中查询图书 在五车中查询图书 在当当中查询图书 在豆瓣中查询图书


正题名:为什么我们会上瘾     索取号:R969.3/112         预约/预借

序号 登录号 条形码 馆藏地/架位号 状态 备注
1 1073922   210739227   第二样本阅览室/ [索取号:R969.3/112] 在馆    
2 1073923   210739236   第三借阅区/ [索取号:R969.3/112] 在馆    
3 1073924   210739245   第三借阅区/ [索取号:R969.3/112] 在馆    
4 1073925   210739254   第三借阅区/ [索取号:R969.3/112] 在馆    
5 1073926   210739263   第三借阅区/ [索取号:R969.3/112] 在馆    
6 1073927   210739272   第三借阅区/ [索取号:R969.3/112] 在馆    
7 1100772   211007729   第三借阅区/ [索取号:R969.3/112] 在馆    
8 1100773   211007738   教育系资料室/ [索取号:R969.3/112] 在馆    
9 1100774   211007747   教育系资料室/ [索取号:R969.3/112] 在馆    
10 1100775   211007756   教育系资料室/ [索取号:R969.3/112] 在馆    
11 1100776   211007765   第三借阅区/ [索取号:R969.3/112] 在馆    
12 1100777   211007774   第三借阅区/ [索取号:R969.3/112] 在馆    
欢迎您!
大连网信软件有限公司© 版权所有